The largest cities in the states: states with the Pacific# 1 - Statistics

General Stats
  • This quiz has been taken 38 times
  • The average score is 11 of 20
Answer Stats
State City Population % Correct
Oregon Portland 653 000
97%
Salem 173 000
91%
Alaska Anchorage 291 000
88%
Hawaii Honolulu 337 000
88%
Washington Seattle 724 000
88%
Juneau 31 000
85%
Eugene 171 000
79%
Spokane 219 000
67%
Fairbanks 31 000
58%
Tacoma 216 000
58%
Hilo 43 000
42%
Vancouver 183 000
42%
Bellevue 147 000
33%
Gresham 110 000
30%
Hillsboro 108 000
24%
Pearl City 47 000
24%
East Honolulu 49 000
21%
Ketchikan 8 000
18%
Sitka 8 000
15%
Kailua 38 000
12%
No matching quizzes found
Score Distribution
Percent of People with Each Score
Percentile by Number Answered
Your Score History
You have not taken this quiz